| 000 | 01061cab a2200193 4500 | ||
|---|---|---|---|
| 001 | ##L131266 | ||
| 008 | 051014n2005 000 0 eng u | ||
| 035 | _a(Sirsi) u131266 | ||
| 041 | 0 | _aeng | |
| 100 | 1 | _aMasters, Jon | |
| 245 | 0 | 0 | _aRebirth of St Pancras |
| 260 | _c2005 | ||
| 490 | 0 |
_aNew Steel Construction _v13(9) October 2005, 18-19(2) |
|
| 520 | _aReports on the new 200m long steel roof canopy in the course of construction at St Pancras station. The work forms part of Section 2 of the Channel Tunnel Rail Link, by which St Pancras will become a major transport hub. The new roof is designed to harmonise with the original wrought-iron arched roof which dates from 1865. The main section of new roof has three spans across the tracks in the station and seven longitudinal bays. A transition roof will cover a 22m gap between the new roof and the gable end of the original. | ||
| 650 | 2 | 4 | _aST PANCRAS STATION |
| 650 | 2 | 4 | _aCHANNEL TUNNEL RAIL LINK |
| 690 | _aBUILT ENVIRONMENT-BUILDING ELEMENTS-COMPLETE BUILDING ELEMENTS-ROOFS | ||
| 942 | _n0 | ||
| 999 |
_c76006 _d76006 |
||